01643 a2200325 4500003000500000005001700005010001700022020002500039020003000064035002000094040000900114082001600123245006300139250012000202260005000322300001700372505043800389650004000827650003300867650003300900650004300933650004000976700003001016700003201046700002901078710005401107942001201161999001901173952012501192Nust20250416122426.0 a 2010002592 a9780763778286 (pbk.) a9780763778491 (hardcover) a(DNLM)101523200 cNust00a616.025,EME00aEmergency care and transportation of the sick and injured. a2nd ed. /bAmerican Academy of Orthopaedic Surgeons ; editors, Benjamin Gulli, Joseph A. Ciatolla, Leaugeay Barnes. aSudbury, Mass. :bJones and Bartlett,cc1977. a480p. ;ccm. aIntroduction (Page-1), Anatomy, Diagnostic Signs And Triage (Page-17), Basic Life Support (Page-39), The Musculoskeletal System (Page-119), The Heat And Nervous System (Page-181), The Abdomen And Genitourinary System (Page-207), Medical Emergencies (Page-231), Childbirth And Special Pediatric Problems (Page-259), Mental Health Problems (Page-285), Environmental Injuries (Page-301), Communications, Records And Reports (Page-407). 0aEmergency Medical Services.9100535 0aEmergency Treatment.9100536 0aMedical emergencies.9100537 0aTransport of sick and wounded.9100538 0aTransportation of Patients.91005391 aBarnes, Leaugeay.91005401 aCiatolla, Joseph A.91005411 aGulli, Benjamin.91005422 aAmerican Academy of Orthopaedic Surgeons.9100543 2ddccBK c183189d183189 00102ddc4070aMCSbMCScGENd2016-12-12o616.025,EMEpMCS20747r2016-12-08w2016-12-12yBKzAlmirah No.26, Shelf No.3